[Event "27th Summer Universiade 2013 Kazan,Russ"]
[Site "Kazan,Russia"]
[Date "2013.07.12"]
[Round "5.25"]
[White "Farid, Firman Syah"]
[Black "Olebile, Thato"]
[Result "1-0"]
[WhiteElo "2396"]
[BlackElo "2108"]
[PlyCount "157"]
[EventDate "2013.07.09"]

1. d4 d5 2. c4 c6 3. Nf3 e6 4. e3 Nf6 5. Nc3 Bd6 6. Qc2 Nbd7 7. Bd3 O-O 8. O-O
dxc4 9. Bxc4 e5 10. Bb3 exd4 11. exd4 Nb6 12. Bg5 Bg4 13. Ne5 Be6 14. Bxe6 fxe6
15. Rfe1 Be7 16. Bxf6 Rxf6 17. Rad1 Nd5 18. Qb3 Qc7 19. Ne4 Rh6 20. Qg3 Rf8 21.
Ng4 Rh5 22. Qxc7 Nxc7 23. Ne5 Bb4 24. Re3 Rd8 25. Ng3 Rh4 26. Nf3 Rf4 27. Rb3
c5 28. a3 Ba5 29. Rxb7 Bb6 30. Rc1 cxd4 31. Rcxc7 Bxc7 32. Rxc7 Rf7 33. Rxf7
Kxf7 34. Ne5+ Kf6 35. Nd3 e5 36. f3 Ke6 37. Ne4 Kd5 38. Nb4+ Kc4 39. Nd2+ Kb5
40. Nd3 Rc8 41. Kf2 a5 42. Ke2 Re8 43. Ne4 Kc6 44. Nd2 Kd5 45. h4 h6 46. Kd1
Rc8 47. Ne4 Rc6 48. g3 g6 49. g4 Rc7 50. Kd2 Rf7 51. Ke2 Rf8 52. Nec5 Rc8 53.
b4 axb4 54. axb4 Ra8 55. b5 Rb8 56. Nxe5 Rxb5 57. Ncd3 Rb6 58. Nxg6 Re6+ 59.
Kf2 Re8 60. Ngf4+ Kd6 61. Kg3 Rg8 62. Nf2 Ke5 63. N4d3+ Kd5 64. f4 Re8 65. f5
Re7 66. Kf4 Rh7 67. Ne4 Re7 68. Nec5 Rh7 69. f6 Ra7 70. Kf5 Kd6 71. Kg6 Ra1 72.
Ne4+ Kd7 73. f7 Ke7 74. Kg7 Ra8 75. Nf6 Ke6 76. Nc5+ Kd6 77. Ne8+ Kxc5 78.
f8=Q+ Kc4 79. Nd6+ 1-0

[Event "27th Summer Universiade 2013 Kazan,Russ"]
[Site "Kazan,Russia"]
[Date "2013.07.12"]
[Round "5.26"]
[White "Martins, Vinicius Tine"]
[Black "Zulkifli, Muhd Syazwan"]
[Result "1/2-1/2"]
[WhiteElo "2391"]
[BlackElo "2063"]
[PlyCount "82"]
[EventDate "2013.07.09"]

1. d4 d5 2. Nf3 Nf6 3. c4 c6 4. Nc3 e6 5. g3 Be7 6. Bg2 O-O 7. O-O Nbd7 8. Qc2
b6 9. Nd2 Bb7 10. e4 dxe4 11. Ndxe4 Nxe4 12. Nxe4 Nf6 13. Rd1 Qd7 14. Ng5 Rfd8
15. Bf4 h6 16. Nf3 Qe8 17. Ne5 Bd6 18. Qe2 Rac8 19. Rd3 Qe7 20. Rad1 Bb8 21. b3
Nd7 22. Qd2 Nxe5 23. Bxe5 Bxe5 24. dxe5 Rxd3 25. Qxd3 c5 26. Bxb7 Qxb7 27. Qd7
Qb8 28. f4 Re8 29. Kf2 Kf8 30. Qc6 Rc8 31. Qd7 Re8 32. Qc6 Rc8 33. Qe4 Rd8 34.
Qh7 Ke7 35. Rxd8 Qxd8 36. Ke2 Qd4 37. Qxg7 Qe4+ 38. Kd2 Qd4+ 39. Ke2 Qe4+ 40.
Kf2 Qc2+ 41. Kf3 Qd1+ 1/2-1/2

[Event "27th Summer Universiade 2013 Kazan,Russ"]
[Site "Kazan,Russia"]
[Date "2013.07.12"]
[Round "5.27"]
[White "Esenov, Annaberdi"]
[Black "Markov, Mikhail"]
[Result "0-1"]
[WhiteElo "2255"]
[BlackElo "2305"]
[PlyCount "88"]
[EventDate "2013.07.09"]

1. e4 c5 2. Nf3 e6 3. d4 cxd4 4. Nxd4 a6 5. Bd3 Qc7 6. c4 Nf6 7. Nc3 Bc5 8. Be3
d6 9. O-O Nbd7 10. h3 O-O 11. a3 Ne5 12. Be2 Bd7 13. Rc1 Rac8 14. b4 Ba7 15. f4
Nxc4 16. Bxc4 Qxc4 17. Nd5 Nxd5 18. exd5 Qxd5 19. Rxc8 Rxc8 20. Kh2 h6 21. Qd2
e5 22. fxe5 dxe5 23. Nf5 Qxd2 24. Bxd2 Bxf5 25. Rxf5 Rc2 26. Be1 Bd4 27. Rf3 b5
28. Rd3 f5 29. Bd2 Kf7 30. h4 Ke6 31. Be1 f4 32. Kh3 Kf5 33. g4+ Ke4 34. Rd1
Ra2 35. h5 Rxa3+ 36. Kh4 Ra2 37. Kh3 Re2 38. Bh4 f3 39. g5 hxg5 40. Bxg5 f2 41.
Rf1 Kf3 42. Bh4 e4 43. Bg3 e3 44. Rd1 Rd2 0-1

[Event "27th Summer Universiade 2013 Kazan,Russ"]
[Site "Kazan,Russia"]
[Date "2013.07.12"]
[Round "5.28"]
[White "Jurcik, Marian"]
[Black "Gantner, Matthias"]
[Result "1-0"]
[WhiteElo "2512"]
[BlackElo "2270"]
[PlyCount "49"]
[EventDate "2013.07.09"]

1. e4 c5 2. Nf3 d6 3. d4 cxd4 4. Nxd4 Nf6 5. Nc3 a6 6. Be3 e5 7. Nb3 Be6 8. f4
exf4 9. Bxf4 Nc6 10. Qe2 Be7 11. h3 d5 12. exd5 Nxd5 13. O-O-O Qd7 14. Qf3 Rd8
15. Bc4 Ncb4 16. Bxd5 Nxd5 17. Rhe1 Kf8 18. Rxe6 fxe6 19. Bc7+ Bf6 20. Nc5 Qf7
21. Bxd8 Bxd8 22. Nxe6+ Ke8 23. Qxf7+ Kxf7 24. Nxd8+ Rxd8 25. Rxd5 1-0

[Event "27th Summer Universiade 2013 Kazan,Russ"]
[Site "Kazan,Russia"]
[Date "2013.07.12"]
[Round "5.29"]
[White "Nestorovic, Nikola"]
[Black "Kalnins, Kristaps"]
[Result "1-0"]
[WhiteElo "2461"]
[BlackElo "2269"]
[PlyCount "89"]
[EventDate "2013.07.09"]

1. e4 e5 2. Nf3 d6 3. d4 Nd7 4. Bc4 c6 5. c3 b5 6. Bb3 a6 7. Ng5 Nh6 8. Qh5 Nf6
9. Qe2 Nd7 10. O-O Be7 11. f4 O-O 12. h3 exf4 13. Nf3 Kh8 14. Bxf4 Ng8 15. Nbd2
Nb6 16. Bc2 Be6 17. b3 Rc8 18. g4 g6 19. Rf2 Qd7 20. Ng5 h6 21. Nxe6 Qxe6 22.
Raf1 Nd7 23. Rf3 a5 24. Qf2 Rcd8 25. Bd3 Ndf6 26. Bg3 Nh7 27. Qg2 Bf6 28. Bf2
b4 29. c4 Bg5 30. Rd1 Ngf6 31. d5 cxd5 32. cxd5 Qe7 33. Nc4 Nd7 34. Bg3 Ne5 35.
Nxe5 dxe5 36. Qh2 Rde8 37. h4 Bf6 38. Rdf1 Bg7 39. Qf2 f5 40. gxf5 gxf5 41.
Rxf5 Rxf5 42. Qxf5 Rf8 43. Qg4 Bf6 44. Bc4 Rg8 45. Qxg8+ 1-0

[Event "27th Summer Universiade 2013 Kazan,Russ"]
[Site "Kazan,Russia"]
[Date "2013.07.12"]
[Round "5.30"]
[White "Hesham, Abdelrahman"]
[Black "Mohamad, Ervan"]
[Result "0-1"]
[WhiteElo "2375"]
[BlackElo "2207"]
[PlyCount "112"]
[EventDate "2013.07.09"]

1. d4 Nf6 2. c4 e6 3. Nf3 b6 4. a3 Bb7 5. Nc3 d5 6. cxd5 Nxd5 7. Qc2 c5 8. Nxd5
Qxd5 9. Be3 Nd7 10. Rd1 c4 11. g3 Rc8 12. Bg2 Qb5 13. O-O Be7 14. d5 Bxd5 15.
Nd4 Qa5 16. Bd2 c3 17. Bxc3 Bxg2 18. Kxg2 Qd5+ 19. e4 Qc4 20. Nf3 Nf6 21. Rd4
Qc6 22. Qe2 O-O 23. Ne5 Qb7 24. Ng4 h5 25. Nxf6+ Bxf6 26. Rd3 Bxc3 27. bxc3 Qa6
28. Qf3 Qxa3 29. Rb1 Qa5 30. Re1 Qe5 31. Rd4 Qc5 32. Re3 Qe5 33. Qd1 g6 34. Qd2
Rc7 35. Red3 Qa5 36. Qh6 Rcc8 37. f4 e5 38. Rd5 Qa4 39. Re3 Qc2+ 40. Kh3 Rxc3
41. Rxc3 Qxc3 42. f5 Qf3 43. Qg5 Qxe4 44. Rd7 Qxf5+ 45. Qxf5 gxf5 46. Rxa7 Rb8
47. Kh4 b5 48. Kg5 b4 49. Ra2 b3 50. Rb2 e4 51. Kf4 Kg7 52. Kxf5 e3 53. Kg5
Rb5+ 54. Kh4 Kg6 55. g4 hxg4 56. Kxg4 e2 0-1

[Event "27th Summer Universiade 2013 Kazan,Russ"]
[Site "Kazan,Russia"]
[Date "2013.07.12"]
[Round "5.31"]
[White "Kantans, Toms"]
[Black "Garcia Fuentes, Sergio Mig"]
[Result "1-0"]
[WhiteElo "2343"]
[BlackElo "2181"]
[PlyCount "69"]
[EventDate "2013.07.09"]

1. e4 c5 2. Nf3 Nc6 3. d4 cxd4 4. Nxd4 Nf6 5. Nc3 e6 6. Bg5 Bb4 7. Nxc6 bxc6 8.
Qd4 c5 9. Qe3 d5 10. Bxf6 gxf6 11. exd5 Qxd5 12. Bb5+ Ke7 13. O-O Bxc3 14. Qxc3
Bb7 15. f3 Qd4+ 16. Qxd4 cxd4 17. Rad1 e5 18. c3 Rab8 19. cxd4 Bxf3 20. Rxf3
Rxb5 21. dxe5 fxe5 22. b3 f6 23. Rc3 Rb7 24. Rc6 Rf8 25. Rdd6 Rf7 26. Re6+ Kf8
27. Rxf6 Kg7 28. Rxf7+ Rxf7 29. Re6 Rf5 30. Re7+ Kf6 31. Rxa7 e4 32. Ra6+ Kf7
33. Ra4 e3 34. Re4 Rf2 35. a4 1-0

[Event "27th Summer Universiade 2013 Kazan,Russ"]
[Site "Kazan,Russia"]
[Date "2013.07.12"]
[Round "5.32"]
[White "Galmandakh, Badrakh"]
[Black "Nanjo, Ryosuke"]
[Result "1-0"]
[WhiteElo "2203"]
[BlackElo "2299"]
[PlyCount "83"]
[EventDate "2013.07.09"]

1. c4 e5 2. Nc3 Bb4 3. Qb3 Nc6 4. e3 Nf6 5. a3 Bxc3 6. Qxc3 a5 7. b3 O-O 8. Nf3
Re8 9. Bb2 Ne4 10. Qc2 Nc5 11. d4 exd4 12. Nxd4 d6 13. Nxc6 bxc6 14. Bd4 Ne6
15. Bb2 c5 16. Bd3 Qh4 17. O-O-O a4 18. g3 Qh6 19. f4 axb3 20. Qc3 Bb7 21. Rhg1
c6 22. Be4 Red8 23. g4 d5 24. Bf5 d4 25. Qxb3 Rab8 26. g5 Qh4 27. g6 Nxf4 28.
gxf7+ Kh8 29. Qc2 Nh3 30. Rg4 Qh6 31. Rg3 Ng5 32. Rdg1 Nxf7 33. Rh3 Qf6 34.
Rxh7+ Kg8 35. Rg6 Qe5 36. Rhxg7+ Qxg7 37. Qg2 Qxg6 38. Qxg6+ Kf8 39. Be6 Nd6
40. Qf6+ Ke8 41. exd4 Bc8 42. dxc5 1-0

[Event "27th Summer Universiade 2013 Kazan,Russ"]
[Site "Kazan,Russia"]
[Date "2013.07.12"]
[Round "5.33"]
[White "Schaerer, Julian"]
[Black "Giron, David"]
[Result "1/2-1/2"]
[WhiteElo "2294"]
[BlackElo "2062"]
[PlyCount "120"]
[EventDate "2013.07.09"]

1. e4 c5 2. Nf3 e6 3. d4 cxd4 4. Nxd4 a6 5. Bd3 Bc5 6. Nb3 Ba7 7. Qe2 d6 8. Be3
Nc6 9. Nc3 b5 10. O-O Nf6 11. Rad1 O-O 12. Rd2 Qe7 13. Bxa7 Rxa7 14. a4 bxa4
15. Nxa4 Ne5 16. Ra1 Bb7 17. Na5 Nxd3 18. cxd3 Qc7 19. Nxb7 Rxb7 20. Rc2 Qa5
21. Qd1 Qg5 22. Qc1 Qe5 23. Rc8 Rb3 24. Qc2 Qb5 25. Rxf8+ Kxf8 26. Nc3 Rxb2 27.
Nxb5 Rxc2 28. Nxd6 Rd2 29. f3 Rxd3 30. Rxa6 Ne8 31. Nc4 Rc3 32. Ne5 Ke7 33.
Nc6+ Kd7 34. Ne5+ Ke7 35. Nc6+ Kd7 36. Nd4 Nc7 37. Ra7 Rc4 38. Ne2 e5 39. Ng3
g6 40. Nf1 Rc6 41. Ne3 Ke6 42. Nd5 Rc1+ 43. Kf2 Nxd5 44. exd5+ Kxd5 45. Rxf7 h5
46. Rf6 Rc6 47. Rxc6 Kxc6 48. Ke3 Kd5 49. h4 Ke6 50. Ke4 Kd6 51. Ke3 Kd5 52.
Kd3 Ke6 53. Ke4 Kd6 54. g4 Ke6 55. Ke3 Kd5 56. Kd3 hxg4 57. fxg4 e4+ 58. Ke2
Kd4 59. Kd2 e3+ 60. Ke2 Ke4 1/2-1/2

[Event "27th Summer Universiade 2013 Kazan,Russ"]
[Site "Kazan,Russia"]
[Date "2013.07.12"]
[Round "5.34"]
[White "Mooketsi, David"]
[Black "Hajbok, Robert"]
[Result "0-1"]
[WhiteElo "1847"]
[BlackElo "2367"]
[PlyCount "68"]
[EventDate "2013.07.09"]

1. d4 g6 2. c4 Bg7 3. Nc3 d6 4. e4 Nf6 5. Be2 O-O 6. Nf3 Bg4 7. h3 Bxf3 8. Bxf3
Nfd7 9. O-O Nc6 10. Be3 e5 11. d5 Nd4 12. Nb5 Nxf3+ 13. Qxf3 f5 14. Rac1 a6 15.
Nc3 Qh4 16. b4 h5 17. Qg3 Qxg3 18. fxg3 Rf7 19. c5 f4 20. gxf4 exf4 21. Bf2 Re8
22. cxd6 cxd6 23. Rfe1 Ne5 24. Red1 Nc4 25. b5 Bxc3 26. Rxc3 axb5 27. Rb1 Nd2
28. Rxb5 Nxe4 29. Rcb3 Rc8 30. Ba7 Rc1+ 31. Kh2 Nd2 32. Bg1 Nxb3 33. axb3 Rc2
34. Kh1 f3 0-1

[Event "27th Summer Universiade 2013 Kazan,Russ"]
[Site "Kazan,Russia"]
[Date "2013.07.12"]
[Round "5.35"]
[White "Wyss, Jonas"]
[Black "De Mey, Juan Pablo"]
[Result "1-0"]
[WhiteElo "2270"]
[BlackElo "1951"]
[PlyCount "83"]
[EventDate "2013.07.09"]

1. e4 c5 2. Nf3 Nc6 3. d4 cxd4 4. Nxd4 Nf6 5. Nc3 e5 6. Ndb5 d6 7. Bg5 a6 8.
Na3 b5 9. Nd5 Be7 10. Bxf6 Bxf6 11. c3 Bg5 12. Nc2 O-O 13. a4 bxa4 14. Rxa4 a5
15. Bc4 Rb8 16. b3 Kh8 17. Nce3 g6 18. O-O Bd7 19. Ra2 f5 20. Qd3 fxe4 21. Qxe4
Bf5 22. Nxf5 gxf5 23. Qe2 e4 24. Rfa1 Qc8 25. Qh5 Qd8 26. b4 Ne7 27. Qxg5 Nxd5
28. Qxd8 Rfxd8 29. Bxd5 axb4 30. cxb4 Rxb4 31. g3 Kg7 32. Ra7+ Kf6 33. Rxh7 Ke5
34. Ra5 Rc8 35. Bc6+ Kf6 36. Rh6+ Kg5 37. Rxd6 Rc4 38. Bd7 R8c5 39. Rxc5 Rxc5
40. Kg2 f4 41. h4+ Kh5 42. Kh3 1-0

[Event "27th Summer Universiade 2013 Kazan,Russ"]
[Site "Kazan,Russia"]
[Date "2013.07.12"]
[Round "5.36"]
[White "Kokome, Oaitse"]
[Black "Soares, Erikson Roberto Mau"]
[Result "1/2-1/2"]
[WhiteElo "1931"]
[BlackElo "2193"]
[PlyCount "83"]
[EventDate "2013.07.09"]

1. g3 d5 2. Bg2 Nf6 3. d3 c5 4. Nf3 Nc6 5. O-O h6 6. c4 e5 7. cxd5 Nxd5 8. Nbd2
Be6 9. Nc4 Qc7 10. a3 Be7 11. Bd2 O-O 12. Rc1 Rfd8 13. b4 b5 14. Ne3 cxb4 15.
Nxd5 Bxd5 16. axb4 Qb7 17. e4 Be6 18. Qc2 Nxb4 19. Bxb4 Bxb4 20. Nxe5 Ba3 21.
Ra1 Rac8 22. Qe2 Bb4 23. Rab1 a5 24. Rfd1 f6 25. Ng6 Qf7 26. Nf4 Bb3 27. Rdc1
Ba3 28. Rxc8 Rxc8 29. e5 fxe5 30. Qxe5 a4 31. Qxb5 g5 32. Bd5 Bxd5 33. Nxd5 Rc2
34. Rf1 Bc5 35. Ne3 Bxe3 36. fxe3 Qe7 37. Qd5+ Kg7 38. Qd4+ Kg8 39. Rf6 Qb7 40.
Qd8+ Kh7 41. e4 a3 42. Qf8 1/2-1/2

[Event "27th Summer Universiade 2013 Kazan,Russ"]
[Site "Kazan,Russia"]
[Date "2013.07.12"]
[Round "5.37"]
[White "Gumpo, Thabo"]
[Black "Caetano, Hugo Zanotti Mendon"]
[Result "1/2-1/2"]
[WhiteElo "2015"]
[BlackElo "2152"]
[PlyCount "50"]
[EventDate "2013.07.09"]

1. e4 c5 2. Nf3 Nc6 3. d4 cxd4 4. Nxd4 g6 5. Nc3 Bg7 6. Be3 Nf6 7. Bc4 O-O 8.
Bb3 d6 9. f3 Bd7 10. Qd2 Nxd4 11. Bxd4 b5 12. Nd5 Nxd5 13. Bxd5 Rc8 14. Bxg7
Kxg7 15. h4 h6 16. h5 g5 17. c3 e5 18. Bb3 Be6 19. O-O Qb6+ 20. Qf2 Qc7 21.
Bxe6 fxe6 22. a4 Rf7 23. axb5 Rb8 24. Ra6 Rxb5 25. Rfa1 Rb7 1/2-1/2

[Event "27th Summer Universiade 2013 Kazan,Russ"]
[Site "Kazan,Russia"]
[Date "2013.07.12"]
[Round "5.39"]
[White "Nayan, Ahmad Fadzil"]
[Black "Akunov, Maskat"]
[Result "1-0"]
[WhiteElo "2102"]
[BlackElo "1882"]
[PlyCount "51"]
[EventDate "2013.07.09"]

1. d4 Nf6 2. c4 e6 3. Nf3 b6 4. g3 Bb4+ 5. Bd2 Be7 6. Bg2 Bb7 7. O-O O-O 8. Qc2
c6 9. Rd1 d5 10. b3 Bd6 11. Nc3 Nbd7 12. e4 dxe4 13. Nxe4 Nxe4 14. Qxe4 Nf6 15.
Qe2 Qe7 16. Re1 Rfe8 17. Qd3 Qc7 18. Bg5 Be7 19. Bf4 Qc8 20. Ne5 c5 21. d5 Rd8
22. Bh3 Nxd5 23. cxd5 Rxd5 24. Qe3 Bf6 25. Bg2 Qd8 26. Nxf7 1-0

[Event "27th Summer Universiade 2013 Kazan,Russ"]
[Site "Kazan,Russia"]
[Date "2013.07.12"]
[Round "5.40"]
[White "Rajapakse, R M C M."]
[Black "Abrantes, Persson"]
[Result "1-0"]
[WhiteElo "2075"]
[BlackElo "2017"]
[PlyCount "43"]
[EventDate "2013.07.09"]

1. d4 d5 2. c4 c6 3. Nf3 Nf6 4. Nc3 dxc4 5. a4 Qa5 6. Bd2 Qb6 7. Qc2 Na6 8. e4
Bg4 9. a5 Qd8 10. Be3 Bxf3 11. gxf3 Nb4 12. Qd2 Nd3+ 13. Bxd3 cxd3 14. Qxd3 e5
15. a6 b5 16. Rd1 exd4 17. Bxd4 Be7 18. Rg1 O-O 19. Qe3 Qc7 20. Qg5 Ne8 21.
Qxg7+ Nxg7 22. Rxg7+ 1-0

[Event "27th Summer Universiade 2013 Kazan,Russ"]
[Site "Kazan,Russia"]
[Date "2013.07.12"]
[Round "5.41"]
[White "Hwang, Sungjae"]
[Black "Sato, Kaname"]
[Result "1/2-1/2"]
[WhiteElo "1830"]
[BlackElo "2038"]
[PlyCount "86"]
[EventDate "2013.07.09"]

1. Nf3 c5 2. c4 g6 3. d4 cxd4 4. Nxd4 Bg7 5. e4 Nc6 6. Be3 Nf6 7. Nc3 d6 8. Be2
O-O 9. Rc1 Bd7 10. O-O Nxd4 11. Bxd4 Bc6 12. f3 a5 13. b3 Nd7 14. Bxg7 Kxg7 15.
Qd4+ Kg8 16. Rfd1 Qb6 17. Qxb6 Nxb6 18. Nd5 Bxd5 19. exd5 Rfc8 20. a4 Nd7 21.
Bd3 Nc5 22. Bc2 Ra6 23. Re1 e5 24. dxe6 fxe6 25. Rcd1 Rcc6 26. Rd2 Rab6 27. Re3
Kf7 28. f4 Rb4 29. Rde2 d5 30. cxd5 exd5 31. f5 gxf5 32. Re5 Nxb3 33. Rxf5+ Rf6
34. Rxd5 Nd4 35. Rd7+ Kf8 36. Rd8+ Kg7 37. Rd7+ Rf7 38. Rxf7+ Kxf7 39. Rd2 Ke6
40. Bxh7 Rxa4 41. Bg8+ Ke5 42. h4 Nf5 43. Rd5+ Kf6 1/2-1/2

[Event "27th Summer Universiade in Kazan (Men)"]
[Site "Kazan"]
[Date "2013.07.12"]
[Round "6.1"]
[White "So, Wesley"]
[Black "Ma, Qun"]
[Result "1/2-1/2"]
[WhiteElo "2708"]
[BlackElo "2584"]
[PlyCount "61"]
[EventDate "2013.??.??"]

1. d4 d5 2. c4 c6 3. Nc3 Nf6 4. cxd5 cxd5 5. Bf4 Nc6 6. e3 a6 7. Bd3 Bg4 8.
Nge2 e6 9. O-O Be7 10. Rc1 O-O 11. Na4 Nd7 12. Bg3 Rc8 13. f3 Bh5 14. Nf4 Bg6
15. Bxg6 hxg6 16. Nd3 Bh4 17. Bxh4 Qxh4 18. Nac5 Nxc5 19. Rxc5 b6 20. Rc3 Na5
21. Qc1 Rxc3 22. Qxc3 Nc4 23. Nb4 a5 24. Nc6 Rc8 25. Ne5 Nd6 26. Qd2 Rc7 27.
Rc1 Qd8 28. b3 g5 29. Nd3 Qc8 30. Rxc7 Qxc7 31. Qc1 1/2-1/2

[Event "27th Summer Universiade in Kazan (Men)"]
[Site "Kazan"]
[Date "2013.07.12"]
[Round "6.2"]
[White "Moranda, Wojciech"]
[Black "Li, Chao B"]
[Result "0-1"]
[WhiteElo "2570"]
[BlackElo "2686"]
[PlyCount "116"]
[EventDate "2013.??.??"]

1. d4 Nf6 2. c4 g6 3. Nc3 d5 4. Nf3 Bg7 5. Qa4+ Bd7 6. Qb3 dxc4 7. Qxc4 O-O 8.
Bf4 Bc6 9. e3 Nd5 10. Bg3 Nb6 11. Qb3 Bxf3 12. gxf3 N8d7 13. Rd1 a5 14. Be2 a4
15. Qc2 c6 16. O-O Nf6 17. Ne4 Nfd5 18. Nc5 Qc8 19. a3 Rd8 20. Kh1 Ra7 21. Rg1
Nc7 22. Rg2 Rd5 23. Rdg1 Ne8 24. Nd3 Nd7 25. f4 Nd6 26. Ne5 Nxe5 27. fxe5 Nf5
28. Bc4 Rd8 29. e6 fxe6 30. Bc7 Rf8 31. Bb6 Ra8 32. Rg4 Kh8 33. Bc5 Qd7 34. Qe2
Rf6 35. Ba2 Nd6 36. R1g2 Raf8 37. Kg1 Rf3 38. Bb1 Rh3 39. R4g3 Rh6 40. Rf3 Nf5
41. Bc2 Ra8 42. Rf4 Qc7 43. Re4 b6 44. Bb4 Qd7 45. Qc4 Qd5 46. Qxd5 exd5 47.
Re6 c5 48. Bd2 cxd4 49. Bxf5 gxf5 50. Rxe7 Rg6 51. Rxg6 hxg6 52. exd4 Bxd4 53.
Bc3 Bxc3 54. bxc3 Rc8 55. Rb7 Rxc3 56. Rxb6 Rxa3 57. Rxg6 Ra1+ 58. Kg2 a3 0-1

[Event "27th Summer Universiade in Kazan (Men)"]
[Site "Kazan"]
[Date "2013.07.12"]
[Round "6.3"]
[White "Andriasian, Zaven"]
[Black "Zhou, Jianchao"]
[Result "1/2-1/2"]
[WhiteElo "2620"]
[BlackElo "2572"]
[PlyCount "44"]
[EventDate "2013.??.??"]

1. e4 c5 2. Nf3 d6 3. d4 cxd4 4. Nxd4 Nf6 5. Nc3 a6 6. Be3 e5 7. Nf3 Be7 8. Bc4
O-O 9. O-O Nc6 10. Qe2 Na5 11. Bb3 h6 12. Rfd1 Nxb3 13. axb3 Bd7 14. Na4 Bxa4
15. bxa4 Qc8 16. Qd3 Qc6 17. Nd2 b5 18. axb5 axb5 19. c3 Ra4 20. b3 Rxa1 21.
Rxa1 Rc8 22. Ra7 Bf8 1/2-1/2

[Event "27th Summer Universiade in Kazan (Men)"]
[Site "Kazan"]
[Date "2013.07.12"]
[Round "6.4"]
[White "Margvelashvili, Giorgi"]
[Black "Hovhannisyan, Robert"]
[Result "1/2-1/2"]
[WhiteElo "2548"]
[BlackElo "2620"]
[PlyCount "72"]
[EventDate "2013.??.??"]

1. d4 Nf6 2. Nf3 e6 3. g3 b5 4. Bg2 d5 5. O-O Nbd7 6. c3 Bb7 7. Bg5 c5 8. a4 a6
9. Bxf6 Nxf6 10. axb5 axb5 11. Rxa8 Qxa8 12. dxc5 Bxc5 13. Qd3 O-O 14. Qxb5 Ne4
15. Nd4 Ba6 16. Qa5 Bxd4 17. cxd4 Bxe2 18. Qxa8 Rxa8 19. Re1 Ra1 20. Bxe4 dxe4
21. Rxe2 Rxb1+ 22. Kg2 f5 23. f3 exf3+ 24. Kxf3 Kf7 25. Ke3 Ke7 26. Kd3 Kd6 27.
Kc4 Rc1+ 28. Kd3 Ra1 29. b4 g5 30. b5 Rb1 31. Kc4 h5 32. Ra2 Rc1+ 33. Kd3 Rb1
34. Kc4 f4 35. gxf4 gxf4 36. Re2 Rc1+ 1/2-1/2

[Event "27th Summer Universiade in Kazan (Men)"]
[Site "Kazan"]
[Date "2013.07.12"]
[Round "6.6"]
[White "Bulski, Krzysztof"]
[Black "Alekseev, Evgeny"]
[Result "0-1"]
[WhiteElo "2534"]
[BlackElo "2714"]
[PlyCount "80"]
[EventDate "2013.??.??"]

1. d4 Nf6 2. c4 e6 3. g3 c5 4. d5 exd5 5. cxd5 d6 6. Nc3 g6 7. Bg2 Bg7 8. Nf3
O-O 9. O-O Nbd7 10. Bf4 Qe7 11. h3 Nh5 12. Bg5 f6 13. Bd2 f5 14. e4 f4 15. g4
Nhf6 16. Bxf4 Nxg4 17. Bg3 Nge5 18. Nxe5 Nxe5 19. Qe2 g5 20. f4 gxf4 21. Bxf4
Bd7 22. Bg3 Ng6 23. Rxf8+ Rxf8 24. Rf1 Rxf1+ 25. Qxf1 Be5 26. Bxe5 Qxe5 27. Qf2
Nf4 28. Qg3+ Kf7 29. Kh2 b5 30. Nd1 Kf6 31. Qh4+ Qg5 32. Qxg5+ Kxg5 33. Bf1 Kf6
34. Kg3 Ke5 35. Nf2 Nh5+ 36. Kf3 Kd4 37. Bd3 c4 38. Bb1 Nf6 39. a3 Be8 40. Kf4
Bg6 0-1

[Event "27th Summer Universiade in Kazan (Men)"]
[Site "Kazan"]
[Date "2013.07.12"]
[Round "6.7"]
[White "Matlakov, Maxim"]
[Black "Baryshpolets, Andrey"]
[Result "1-0"]
[WhiteElo "2665"]
[BlackElo "2544"]
[PlyCount "97"]
[EventDate "2013.??.??"]

1. d4 Nf6 2. c4 g6 3. Nc3 Bg7 4. e4 d6 5. f3 O-O 6. Be3 c5 7. dxc5 dxc5 8. Qxd8
Rxd8 9. Bxc5 Nc6 10. Nge2 b6 11. Ba3 Ba6 12. Nb5 Rac8 13. Nec3 Nh5 14. Rd1 Bxb5
15. cxb5 Nd4 16. Bd3 Nf4 17. Bb1 Nxg2+ 18. Kf2 Nf4 19. Bxe7 Rd7 20. Bh4 g5 21.
Bg3 Rcd8 22. h4 Nxb5 23. Rxd7 Rxd7 24. hxg5 Bd4+ 25. Kf1 Nxc3 26. Bxf4 Nxb1 27.
Ke2 Bxb2 28. Rxb1 Bg7 29. Rc1 Bb2 30. Rc2 Ba1 31. Be3 Kg7 32. f4 h6 33. gxh6+
Kxh6 34. e5 Kg6 35. Kf3 Kf5 36. Rh2 f6 37. Rh5+ Kg6 38. Kg4 fxe5 39. fxe5 Re7
40. Bf4 Bd4 41. Rg5+ Kf7 42. Kf5 Re6 43. Rh5 Re7 44. Rh6 Ke8 45. e6 Rg7 46.
Rh8+ Ke7 47. Rb8 Rg2 48. Rb7+ Kf8 49. Bd6+ 1-0

[Event "27th Summer Universiade in Kazan (Men)"]
[Site "Kazan"]
[Date "2013.07.12"]
[Round "6.8"]
[White "Onischuk, Vladimir"]
[Black "Nigalidze, Gaioz"]
[Result "1-0"]
[WhiteElo "2576"]
[BlackElo "2497"]
[PlyCount "65"]
[EventDate "2013.??.??"]

1. e4 d6 2. d4 g6 3. Nc3 Nf6 4. f4 Bg7 5. Nf3 O-O 6. Bd3 Na6 7. O-O c5 8. d5
Bg4 9. Qe1 Nb4 10. Nd2 Bd7 11. f5 b5 12. a3 Nxd3 13. cxd3 Qb6 14. Nf3 b4 15.
axb4 cxb4+ 16. Be3 Qc7 17. Ne2 gxf5 18. Rc1 Qb7 19. Qh4 Rac8 20. Rce1 Qb5 21.
Bh6 fxe4 22. Ng5 Qxd5 23. Bxg7 Kxg7 24. Rxf6 Bf5 25. Rh6 Rh8 26. dxe4 Qc5+ 27.
Kh1 Bg6 28. Nf4 Qc4 29. h3 Rcf8 30. e5 Bd3 31. b3 Qc3 32. Nxd3 Qxd3 33. Re4 1-0

[Event "27th Summer Universiade in Kazan (Men)"]
[Site "Kazan"]
[Date "2013.07.12"]
[Round "6.9"]
[White "Perez Ponsa, Federico"]
[Black "Durarbayli, Vasif"]
[Result "1-0"]
[WhiteElo "2488"]
[BlackElo "2549"]
[PlyCount "98"]
[EventDate "2013.??.??"]

1. d4 d5 2. c4 c6 3. Nf3 Nf6 4. e3 Bf5 5. Nc3 e6 6. Nh4 Be4 7. f3 Bg6 8. Qb3
Qc7 9. Bd2 Be7 10. g3 Nbd7 11. Rc1 Nb6 12. cxd5 exd5 13. Kf2 a5 14. a4 Bb4 15.
Kg2 O-O 16. Nxg6 hxg6 17. Bd3 Qe7 18. Rhe1 Rfd8 19. Re2 Nbd7 20. Rd1 Rac8 21.
Bc1 c5 22. Nxd5 Nxd5 23. Qxd5 c4 24. Bc2 Nb6 25. Qe4 Qd7 26. Qg4 Qe8 27. h4 Rd5
28. e4 f5 29. Qh3 Rcd8 30. Be3 fxe4 31. fxe4 R5d6 32. Qg4 Nxa4 33. e5 Ra6 34.
Rh1 Nxb2 35. Be4 Na4 36. Rf2 Nc3 37. Bxb7 Rb6 38. h5 Qd7 39. Bf3 Nd5 40. Bg5
Qxg4 41. Bxg4 Be7 42. Bc1 a4 43. hxg6 a3 44. Bf3 Rbb8 45. Be2 Rdc8 46. Rf5 Bb4
47. Rfh5 Kf8 48. Bg4 Ke8 49. Rh8+ Bf8 1-0

[Event "27th Summer Universiade in Kazan (Men)"]
[Site "Kazan"]
[Date "2013.07.12"]
[Round "6.10"]
[White "Atabayev, Yusup"]
[Black "Yu, Yangyi"]
[Result "1/2-1/2"]
[WhiteElo "2431"]
[BlackElo "2657"]
[PlyCount "64"]
[EventDate "2013.??.??"]

1. e4 c5 2. Nf3 d6 3. d4 cxd4 4. Nxd4 Nf6 5. Nc3 a6 6. Be2 e5 7. Nb3 Be7 8. O-O
O-O 9. f4 Nc6 10. Kh1 a5 11. a4 Nb4 12. Be3 Be6 13. f5 Bd7 14. Bf3 Bc6 15. Qe2
d5 16. exd5 Nbxd5 17. Nxd5 Bxd5 18. Rad1 e4 19. c4 exf3 20. gxf3 Bxc4 21. Qxc4
Qc8 22. Qf4 Qb8 23. Qg3 Rd8 24. Bb6 Rd5 25. Qxb8+ Rxb8 26. Bc7 Rc8 27. Rxd5
Nxd5 28. Bxa5 Rc2 29. Rd1 Rxb2 30. Rxd5 Rxb3 31. Kg2 Kf8 32. Bc7 b6 1/2-1/2

[Event "27th Summer Universiade in Kazan (Men)"]
[Site "Kazan"]
[Date "2013.07.12"]
[Round "6.11"]
[White "Mazur, Stefan"]
[Black "Sjugirov, Sanan"]
[Result "0-1"]
[WhiteElo "2409"]
[BlackElo "2647"]
[PlyCount "86"]
[EventDate "2013.??.??"]

1. e4 c5 2. Nf3 d6 3. d4 cxd4 4. Nxd4 Nf6 5. Nc3 a6 6. Be3 e5 7. Nb3 Be7 8. f3
Be6 9. Qd2 O-O 10. O-O-O Nbd7 11. g4 b5 12. g5 Nh5 13. Nd5 Bxd5 14. exd5 f5 15.
gxf6 Bxf6 16. Na5 Nf4 17. Nc6 Qc7 18. Rg1 Nb6 19. Bxb6 Qxb6 20. Bd3 Nxd3+ 21.
Qxd3 Qf2 22. Rdf1 Qxh2 23. f4 e4 24. Qxe4 Rae8 25. Qd3 Qe2 26. Qxe2 Rxe2 27.
Re1 Rfe8 28. Rxe2 Rxe2 29. Nb4 Bd4 30. Rf1 Be3+ 31. Kb1 Bxf4 32. Nxa6 Bg3 33.
Nc7 b4 34. a4 bxa3 35. bxa3 h5 36. Ne6 h4 37. Kc1 Kh7 38. a4 Re3 39. Rf5 Kg6
40. Rg5+ Kf6 41. Kb2 h3 42. Rh5 h2 43. a5 Be5+ 0-1